00931nam a22001937a 450000500170000000800410001702000180005804000270007604100080010304400070011111000500011824501200016826000940028830000680038265000610045065000970051165001080060871000210071620151005110436.0151005b2015 ck |||||r|||| 00| 0 spa d a9789585856646 aCO-BoIAVH cCO-BoIAVH 0 aspa ack2 aCorporación Autónoma Regional de Boyacá1 aImplementación de proyectos ciudadanos de educación ambiental PROCEDAS / cCorporación Autónoma de Boyacá aBoyacá (Departamento, Colombia):bCorporación Autónoma Regional de Boyacá,c2015. a36 páginas :bilustraciones y fotografías a color ;c22 cm. 6aEducación ambientalzBoyacá (Departamento, Colombia) 6aConservación del medio ambientexParticipación socialzBoyacá (Departamento, Colombia) 6aConservación del medio ambientevProyectosxParticipación socialzBoyacá (Departamento, Colombia)2 aONG Planeta vivo